Krása nesmírná Ruské lidové pohádky vyprávěné I. Karnauchovovou

Bibliographic Details
Format: Book
Language:Undetermined
PhysicalDescription:224 s.
Published: Praha Lidové nakladatelství 1984

MARC

LEADER 00000nam a2200000 a 4500
001 vtls001371996
003 SK-MaSNL
005 20260224153811.0
008 160830s1984 xx 0 und
035 |a SNK000325841 
040 |a SNK  |b slo  |c SNK  |e AACR2 
245 1 |a Krása nesmírná  |b Ruské lidové pohádky vyprávěné I. Karnauchovovou 
260 |a Praha  |b Lidové nakladatelství  |c 1984 
300 |a 224 s. 
958 |a OND 
999 |c 1065331  |d 1067261 
952 |a SNK  |b SNK  |y PREZ  |7 0  |p 17A0772057  |o snkSB 37236  |0 0  |1 0  |4 0  |d 2012-04-03  |l 0  |r 2025-04-16 00:00:00  |w 2026-02-24 
952 |t P60, <05>, [BOOK], {605}  |a SNK  |b SNK  |y PREZ  |7 0  |p 17A0210978  |o snkSB 37236 D1  |0 0  |1 0  |4 0  |d 1999-09-09  |l 0  |r 2005-01-02 00:00:00  |w 2026-02-24